Loading...
| Auditory Arts | 4 | 10.00 | 100% | 0% | 0% |
| Beliefs | 7 | 17.14 | 71% | 71% | 29% |
| Current Events | 5 | 22.00 | 100% | 80% | 40% |
| Fine Arts - Other Arts | 4 | 12.50 | 100% | 25% | 0% |
| History - American | 3 | 13.33 | 100% | 33% | 0% |
| History - Ancient | 2 | 10.00 | 50% | 50% | 0% |
| History - European | 4 | 12.50 | 75% | 50% | 0% |
| History - Other | 2 | 15.00 | 100% | 50% | 0% |
| History - World | 5 | 16.00 | 100% | 60% | 0% |
| Literature - American | 6 | 16.67 | 100% | 33% | 33% |
| Literature - British | 5 | 10.00 | 60% | 20% | 20% |
| Literature - European | 3 | 10.00 | 100% | 0% | 0% |
| Literature - World | 4 | 22.50 | 100% | 100% | 25% |
| Philosophy | 5 | 14.00 | 80% | 40% | 20% |
| Science - Biology | 6 | 15.00 | 83% | 50% | 17% |
| Science - Chemistry | 7 | 15.71 | 100% | 43% | 14% |
| Science - Other | 8 | 18.75 | 88% | 75% | 25% |
| Science - Physics | 3 | 23.33 | 100% | 100% | 33% |
| Social Science | 9 | 15.56 | 89% | 56% | 11% |
| Visual Arts | 4 | 7.50 | 75% | 0% | 0% |